Los cínicos no sirven para este oficio (Record no. 19261)

MARC details
000 -LEADER
campo de control de longitud fija 00954nam a2200277 i 4500
001 - NÚMERO DE CONTROL
campo de control 19261
003 - IDENTIFICADOR DE NÚMERO DE CONTROL
campo de control ES-MaACL
005 - FECHA Y HORA DE LA ÚLTIMA TRANSACCIÓN
campo de control 20250825073721.0
007 - CAMPO FIJO DE DESCRIPCIÓN FÍSICA--INFORMACIÓN GENERAL
campo de control de longitud fija t|
008 - DATOS DE LONGITUD FIJA--INFORMACIÓN GENERAL
campo de control de longitud fija 020708s2002 sp ||||1| spa d
020 ## - NÚMERO INTERNACIONAL ESTÁNDAR DEL LIBRO
Número Internacional Estándar del Libro 84-339-2550-4
080 ## - NÚMERO DE LA CLASIFICACIÓN DECIMAL UNIVERSAL
Número de la Clasificación Decimal Universal 929 Kapuscinski, Ryszard (047.53)
080 ## - NÚMERO DE LA CLASIFICACIÓN DECIMAL UNIVERSAL
Número de la Clasificación Decimal Universal 070
100 1# - ENTRADA PRINCIPAL--NOMBRE DE PERSONA
Nombre de persona Kapuscinski, Ryszard.
9 (RLIN) 67542
245 14 - MENCIÓN DEL TÍTULO
Título Los cínicos no sirven para este oficio
Resto del título : sobre el buen periodismo /
Mención de responsabilidad, etc. Ryszard Kapuscinski ; edición de Maria Nadotti ; traducción de Xavier González Rovira.
260 ## - PUBLICACIÓN, DISTRIBUCIÓN, ETC.
Lugar de publicación, distribución, etc. Barcelona :
Nombre del editor, distribuidor, etc. Anagrama,
Fecha de publicación, distribución, etc. [2002]
300 ## - DESCRIPCIÓN FÍSICA
Extensión 124 p. ;
Dimensiones 22 cm.
490 1# - MENCIÓN DE SERIE
Mención de serie Crónicas Anagrama ;
Designación de volumen o secuencia 50
600 14 - PUNTO DE ACCESO ADICIONAL DE MATERIA--NOMBRE DE PERSONA
Nombre de persona Kapuscinski, Ryszard-
Subdivisión de forma Entrevistas.
9 (RLIN) 67543
650 #7 - PUNTO DE ACCESO ADICIONAL DE MATERIA--TÉRMINO DE MATERIA
Término de materia o nombre geográfico como elemento de entrada Periodismo
Fuente del encabezamiento o término embne
9 (RLIN) 15943
700 1# - ENTRADA AGREGADA--NOMBRE PERSONAL
Nombre de persona Nadotti, Maria.
9 (RLIN) 84827
700 1# - ENTRADA AGREGADA--NOMBRE PERSONAL
Nombre de persona González Rovira, Xavier.
9 (RLIN) 58934
830 0# - PUNTO DE ACCESO ADICIONAL DE SERIE-TÍTULO UNIFORME
Título uniforme Crónicas Anagrama ;
Designación de volumen o secuencia 50
9 (RLIN) 180220
852 ## - LOCALIZACIÓN
Ubicación ES-MaACL
Número de control de estantería L-25696
Sublocalización o colección R.131553
Holdings
Estatus retirado Estado de pérdida Estado de daño No para préstamo Biblioteca de origen Biblioteca actual Ubicación en estantería Fecha de adquisición Fuente de adquisición Total de préstamos Signatura topográfica completa Código de barras Visto por última vez Precio de reemplazo Tipo de ítem Koha
        Biblioteca del Ateneo de Madrid Biblioteca del Ateneo de Madrid Depósito 2 17/01/2008     L-25696 1019708 23/02/2023 23/02/2023 Libro impreso